| 000 | 00673cam a22002293a 4500 | ||
|---|---|---|---|
| 001 | 29083 | ||
| 003 | PGUSA | ||
| 005 | 20140828083629.0 | ||
| 008 | 090609s2009||||xxu|||||s|||||000 1 eng d | ||
| 040 |
_aPGUSA _beng |
||
| 042 | _adc | ||
| 050 | 4 | _aPR | |
| 100 | 1 |
_aWilliamson, C. N. _q(Charles Norris), _d1859-1920 |
|
| 245 | 1 | 4 |
_aThe Lightning Conductor Discovers America _h[electronic resource] / _cC. N. Williamson |
| 260 |
_bProject Gutenberg, _c2009 |
||
| 506 | _aPublic domain in the USA. | ||
| 516 | _aElectronic text | ||
| 653 | _aAutomobiles -- Fiction | ||
| 830 | 0 |
_aProject Gutenberg _v29083 |
|
| 856 | 4 | 0 | _uhttp://www.gutenberg.org/ebooks/29083 |
| 942 | _cEB | ||
| 999 |
_c258338 _d258338 |
||